000 005120000a22002050004500
003 LK-CoMWRAF
005 20231010093326.0
008 230817t2000 ||||| |||| 00| 0 eng d
020 _a2745127985
040 _aLK-CoMWRAF
_dLK-CoMWRAF
_eLK-CoMWRAF
041 _aeng
082 _a297.124
_bOMA
100 _aOmairat, Cheikh Zakaria
245 _aThe Authentic Holy Hadiths
260 _aLebanon :
_bDar al-Kotab al-Ilmiyah,
_c2000
300 _a703p
650 _aIslam
650 _aHadith;
942 _cBK
999 _c1868
_d1868